Extent of adoption of recommended agronomic practices in natural rubber plantations of South India (Record no. 48512)

MARC details
000 -LEADER
fixed length control field 00662nam a2200241Ia 4500
100 ## - MAIN ENTRY--AUTHOR NAME
Personal name Joseph P
245 #0 - TITLE STATEMENT
Title Extent of adoption of recommended agronomic practices in natural rubber plantations of South India
260 ## - PUBLICATION, DISTRIBUTION, ETC. (IMPRINT)
Name of publisher Rubber Science
Year of publication 2018
300 ## - PHYSICAL DESCRIPTION
Number of Pages 164-179
650 ## - SUBJECT ADDED ENTRY--TOPICAL TERM
Topical Term Agro-management practices
650 ## - SUBJECT ADDED ENTRY--TOPICAL TERM
Topical Term Extent of adoption
650 ## - SUBJECT ADDED ENTRY--TOPICAL TERM
Topical Term Hevea brasiliensis
650 ## - SUBJECT ADDED ENTRY--TOPICAL TERM
Topical Term Natural rubber
700 ## - ADDED ENTRY--PERSONAL NAME
Personal name Biju B
700 ## - ADDED ENTRY--PERSONAL NAME
Personal name Cyriac Joyce
700 ## - ADDED ENTRY--PERSONAL NAME
Personal name Eappen T
700 ## - ADDED ENTRY--PERSONAL NAME
Personal name George S
700 ## - ADDED ENTRY--PERSONAL NAME
Personal name Jessy M.D
700 ## - ADDED ENTRY--PERSONAL NAME
Personal name Prasannakumari P
700 ## - ADDED ENTRY--PERSONAL NAME
Personal name Ulaganathan A
942 ## - ADDED ENTRY ELEMENTS (KOHA)
Koha item type Bibliography STAF
Holdings
Withdrawn status Lost status Damaged status Not for loan Home library Current library Shelving location Date acquired Serial Enumeration / chronology Koha item type
      Bibliography RRII Library RRII Library Agronomy 09/04/2014 Volume 31, Issue 2 Bibliography STAF